LIBRARY & INFORMATION CENTRE, KCAET, TAVANUR

ONLINE PUBLIC ACCESS CATALOGUE (OPAC)

Introduction to soil microbiology / (Record no. 9487)

MARC details
000 -LEADER
fixed length control field 00427cam a2200169ua 4500
041 ## - LANGUAGE CODE
Language code of text/sound track or separate title eng
082 ## - DEWEY DECIMAL CLASSIFICATION NUMBER
Classification number 631.46
Item number ALE/IN
100 ## - MAIN ENTRY--AUTHOR NAME
Personal name Alexander, Martin .
245 ## - TITLE STATEMENT
Title Introduction to soil microbiology /
250 ## - EDITION STATEMENT
Edition statement 1 /
260 ## - PUBLICATION, DISTRIBUTION, ETC. (IMPRINT)
Place of publication London :
Name of publisher John Wiley & Sons ,
Year of publication 1961.
300 ## - PHYSICAL DESCRIPTION
Number of Pages 472 ; .
942 ## - ADDED ENTRY ELEMENTS (KOHA)
Koha item type Books
Holdings
Withdrawn status Lost status Damaged status Home library Current library Date acquired Full call number Accession Number Koha item type
Withdrawn     KAUAET KAUAET 07/04/2012 631.46 8110 Books
      KAUAET KAUAET 07/04/2012 631.46 5953 Books
free website counter